نواے آوارہ / (Record no. 106582)
[ view plain ]
| 000 -LEADER | |
|---|---|
| fixed length control field | 00808nam a22002537a 4500 |
| 005 - DATE AND TIME OF LATEST TRANSACTION | |
| control field | 20170123162314.0 |
| 010 ## - LIBRARY OF CONGRESS CONTROL NUMBER | |
| LC control number | 829236 |
| 020 ## - INTERNATIONAL STANDARD BOOK NUMBER | |
| Terms of availability | 50.00 |
| 035 ## - SYSTEM CONTROL NUMBER | |
| System control number | 829236 |
| 037 ## - SOURCE OF ACQUISITION | |
| Source of stock number/acquisition | Cen Lib/Ret |
| 040 ## - CATALOGING SOURCE | |
| Original cataloging agency | DPL |
| Language of cataloging | UR |
| 082 ## - DEWEY DECIMAL CLASSIFICATION NUMBER | |
| Classification number | 841 |
| Item number | غ ل ا |
| 100 ## - MAIN ENTRY--PERSONAL NAME | |
| Personal name | غلام رباّنی تاباں |
| 9 (RLIN) | 113509 |
| 245 ## - TITLE STATEMENT | |
| Title | نواے آوارہ / |
| Statement of responsibility, etc | غلام رباّنی تاباں |
| 246 ## - VARYING FORM OF TITLE | |
| Title proper/short title | Navaye avara / |
| Remainder of title | by ghulam Rabbani Taban |
| 260 ## - PUBLICATION, DISTRIBUTION, ETC. (IMPRINT) | |
| Place of publication, distribution, etc | الی گڑھ |
| Name of publisher, distributor, etc | مقتبہ جامہ المیٹڈ |
| Date of publication, distribution, etc | 1976 |
| 270 ## - ADDRESS | |
| City | الی گڑھ |
| Address | جامہ نگر |
| Postal code | 110025 |
| 300 ## - PHYSICAL DESCRIPTION | |
| Extent | 103p. |
| Dimensions | 20cm(Hb) |
| 650 ## - SUBJECT ADDED ENTRY--TOPICAL TERM | |
| Topical term or geographic name as entry element | اردو ادب |
| 9 (RLIN) | 113510 |
| 650 ## - SUBJECT ADDED ENTRY--TOPICAL TERM | |
| Topical term or geographic name as entry element | اردو نظم |
| 9 (RLIN) | 113511 |
| 650 ## - SUBJECT ADDED ENTRY--TOPICAL TERM | |
| Topical term or geographic name as entry element | Urdu literature |
| 9 (RLIN) | 113512 |
| 650 ## - SUBJECT ADDED ENTRY--TOPICAL TERM | |
| Topical term or geographic name as entry element | Urdu poetry |
| 9 (RLIN) | 113513 |
| 942 ## - ADDED ENTRY ELEMENTS (KOHA) | |
| Source of classification or shelving scheme | Dewey Decimal Classification |
| Koha item type | Urdu Bks |
| Classification part | 841 |
| Call number suffix | غ ل ا |
| Withdrawn status | Lost status | Damaged status | Not for loan | Home library | Current library | Date acquired | Source of acquisition | Cost, normal purchase price | Total Checkouts | Full call number | Barcode | Date last seen | Copy number | Cost, replacement price | Price effective from | Koha item type |
|---|---|---|---|---|---|---|---|---|---|---|---|---|---|---|---|---|
| Central Library | Central Library | 26/12/2015 | Cen Lib/Ret | 50.00 | 841 غ ل ا | 829236 | 26/12/2015 | 1 | 50.00 | 26/12/2015 | Urdu Bks |
